Capital Cities - Statistics

General Stats
  • This quiz has been taken 55 times
  • The average score is 11 of 15
Answer Stats
Hint Answer % Correct
Lisbon Portugal
95%
Sofia Bulgaria
93%
Wellington New Zealand
91%
Bern Switzerland
89%
Santiago Chile
86%
Vilnius Lithuania
86%
Tirana Albania
84%
Muscat Oman
82%
Caracas Venezuela
82%
Nassau Bahamas
73%
Luanda Angola
61%
Nur Sultan Kazakhstan
59%
Managua Nicaragua
57%
Monrovia Liberia
55%
Niamey Niger
43%
No matching quizzes found
Score Distribution
Percent of People with Each Score
Percentile by Number Answered
Your Score History
You have not taken this quiz